| 000 | 01296nam a2200301 i 4500 | ||
|---|---|---|---|
| 003 | EG-GICUC | ||
| 005 | 20260121101713.0 | ||
| 008 | 260111s1900 ua ||||fr|||| 00| 0 ara d | ||
| 040 |
_a EG-GICUC _bara _c EG-GICUC _d EG-GICUC _erda |
||
| 041 | 0 | _aara | |
| 082 | 0 | 4 |
_221 _a345.434 _bأ ح . ت |
| 092 | 0 | 4 | _221 |
| 099 | _aLaw1 07 345.434 أ ح . ت 1900 | ||
| 100 | 0 |
_a أحمد حافظ عطية نجم _eمؤلف. |
|
| 245 | 1 | 0 |
_aترقية موظفي الدولة أمام مجلس الدولة : _bتحليل لأحكام مجلس الدولة المصري في مجال الترقية مسبوقة بدراسة النظم الترقية في فرنسا ومصر / _cأحمد حافظ عطية نجم. |
| 264 | 1 |
_aالقاهرة : _bدار النهضة العربية، _c[19--]. |
|
| 300 |
_a272 صفحة؛ _c24 سم. |
||
| 336 |
_2rda content _atext |
||
| 337 |
_2rda media _aComputer |
||
| 338 |
_2rda carrier _aOnline Resource |
||
| 504 | _a267-254ببليوجرافيا: صفحات. | ||
| 546 | _aالنص أغلبه باللغة العربية مع بعض النصوص الإنجليزية | ||
| 650 | 1 | 4 | _aالترقيات |
| 650 | 1 | 4 | _aالقانون الإداري |
| 856 | 4 | 0 | _uhttps://fll.law.cu.edu.eg/fulltext/bks/B07-01490.pdf |
| 905 | _a32 | ||
| 942 |
_2ddc _cBK _e21 _n0 |
||
| 999 |
_c56103 _d56103 |
||